书目信息 |
| 题名: |
高鸿业《西方经济学(宏观部分)》(第4版)笔记和习题详解
|
|
| 作者: | ;圣才学习网 主编 | |
| 分册: | ||
| 出版信息: | 北京 中国石化出版社 2010 |
|
| 页数: | 200页 | |
| 开本: | 26cm | |
| 丛书名: | ||
| 单 册: | ||
| 中图分类: | F0 , F015 | |
| 科图分类: | ||
| 主题词: | 现代资产阶级经济学--研究生--入学考试--升学参考资料 , 宏观经济学--研究生--入学考试--升学参考资料 , 现代资产阶级经济学 , 宏观经济学 | |
| 电子资源: | ||
| ISBN: | 978-7-5114-0301-8 | |
| 000 | 01181nam0 22003011 450 | |
| 001 | 5 | |
| 005 | 20140908111457.64 | |
| 010 | @a978-7-5114-0301-8@dCNY28.00 | |
| 100 | @a20100602d2010 em y0chiy50 ea | |
| 101 | 0 | @achi |
| 102 | @aCN@b110000 | |
| 105 | @ay z 000yy | |
| 106 | @ar | |
| 200 | 1 | @a高鸿业《西方经济学(宏观部分)》(第4版)笔记和习题详解@AGao Hong Ye Xi Fang Jing Ji Xue (Hong Guan Bu Fen )(Di 4Ban )Bi Ji He Xi Ti Xiang Jie@f圣才学习网主编@FSheng Cai Xue Xi Wang Zhu Bian |
| 205 | @a2版 | |
| 210 | @a北京@c中国石化出版社@d2010 | |
| 215 | @a200页@d26cm | |
| 300 | @a国内外经典教材习题详解系列·经济类 | |
| 330 | @a本书共分12章,每章由三部分组成:第一部分为复习笔记,总结本章的重难点内容;第二部分是课后习题详解;第三部分为考研真题与难题详解,精选部分名校近来考研真题和相关习题,并提供了详细的参考答案。 | |
| 606 | 0 | @a现代资产阶级经济学@x研究生@x入学考试@j升学参考资料 |
| 606 | 0 | @a宏观经济学@x研究生@x入学考试@j升学参考资料 |
| 606 | 0 | @a现代资产阶级经济学 |
| 606 | 0 | @a宏观经济学 |
| 690 | @aF0@v5 | |
| 690 | @aF015@v5 | |
| 711 | 02 | @a圣才学习网@ASheng Cai Xue Xi Wang@4主编 |
| 801 | 0 | @aCN@bTANGWEI@c20140603 |
| 905 | @b0837564-66@dF0@e408=2@f3 | |
| 高鸿业《西方经济学(宏观部分)》(第4版)笔记和习题详解/圣才学习网主编.-2版.-北京:中国石化出版社,2010 |
| 200页;26cm |
| 国内外经典教材习题详解系列·经济类 |
| ISBN 978-7-5114-0301-8:CNY28.00 |
| 本书共分12章,每章由三部分组成:第一部分为复习笔记,总结本章的重难点内容;第二部分是课后习题详解;第三部分为考研真题与难题详解,精选部分名校近来考研真题和相关习题,并提供了详细的参考答案。 |
| ● |
| 相关链接 |
|
|
|
|
正题名:高鸿业《西方经济学(宏观部分)》(第4版)笔记和习题详解
索取号:F0/408=2
 
预约/预借
| 序号 | 登录号 | 条形码 | 馆藏地/架位号 | 状态 | 备注 |
| 1 | 0837564 | 208375649 | 第一样本阅览室/ [索取号:F0/408=2] | 在馆 | |
| 2 | 0837565 | 208375658 | 密集书库-海洋学院/ [索取号:F0/408=2] | 在馆 | |
| 3 | 0837566 | 208375667 | 第一借阅区/ [索取号:F0/408=2] | 在馆 |